000 00342nam a2200145Ia 4500
008 230711s9999||||xx |||||||||||||| ||und||
041 _aENG
082 _a624
_bAN-R
100 _aAnderson Gill
245 0 _aRainscreen cladding
250 _a1st
260 _c1988
_aNew York
_bButterworth-Heinemann Ltd
650 _aArchitecture
942 _cBK
999 _c381
_d381